|
|
|
|
| LEADER |
03302nam a22003853i 4500 |
| 001 |
EBC30474009 |
| 003 |
MiAaPQ |
| 005 |
20231204023230.0 |
| 006 |
m o d | |
| 007 |
cr cnu|||||||| |
| 008 |
231204s2023 xx o ||||0 eng d |
| 020 |
|
|
|a 9780472903313
|q (electronic bk.)
|
| 020 |
|
|
|z 9780472055975
|
| 035 |
|
|
|a (MiAaPQ)EBC30474009
|
| 035 |
|
|
|a (Au-PeEL)EBL30474009
|
| 035 |
|
|
|a (OCoLC)1368203674
|
| 040 |
|
|
|a MiAaPQ
|b eng
|e rda
|e pn
|c MiAaPQ
|d MiAaPQ
|
| 082 |
0 |
|
|a 320.01
|
| 100 |
1 |
|
|a Abrams, Benjamin.
|
| 245 |
1 |
0 |
|a Symbolic Objects in Contentious Politics.
|
| 250 |
|
|
|a 1st ed.
|
| 264 |
|
1 |
|a Ann Arbor :
|b University of Michigan Press,
|c 2023.
|
| 264 |
|
4 |
|c ©2023.
|
| 300 |
|
|
|a 1 online resource (331 pages)
|
| 336 |
|
|
|a text
|b txt
|2 rdacontent
|
| 337 |
|
|
|a computer
|b c
|2 rdamedia
|
| 338 |
|
|
|a online resource
|b cr
|2 rdacarrier
|
| 505 |
0 |
|
|a Intro -- Contents -- List of Illustrations -- Acknowledgments -- Introducing Symbolic Objects in Contentious Politics | Peter Gardner and Benjamin Abrams -- 1. Contentious Politics and Symbolic Objects | Peter Gardner and Benjamin Abrams -- The Creation of Symbolic Objects -- 2. A Strategic Toolbox of Symbolic Objects: Material Artifacts, Visuality, and Strategic Action in European Street-Protest Arenas | Bartosz Ślosarski -- 3. The Nation That (Mis)took Death for Life: The Materiality of Martyrdom, Shia Religiosity, and Contentious Politics in Iran | Younes Saramifar -- 4. Somewhere Over the Rainbow: The Symbolic Politics of In/visibility in Lebanese Queer Activism | John Nagle -- 5. The Feathered Headdress: Settler Semiotics, US National Myth, and the Legacy of Colonized Artifacts | Sonja Dobroski -- The Potency of Symbolic Objects -- 6. The Symbolism of the Street in Portuguese Contention | Guya Accornero, Tiago Carvalho, and Pedro Ramos Pinto -- 7. Signature, Performance, Contention | Hunter Dukes -- 8. Policing Bodies: The Role of Bodywork and Symbolic Objects in Police Violence during the Toronto G20 | Valerie Zawilski -- 9. Bodies on Fire: Self-Immolation as Spectacle in Contentious Politics | Dennis Zuev -- The Legacy of Symbolic Objects -- 10. El Che: The (Im)possibilities of a Political Symbol | Eric Selbin -- 11. Mekap-A Social History of the "Terrorist Shoe" That Fought ISIS | Dilar Dirik -- 12. Biafran Objects and Contention in Nigeria | Scholastica Ngozi Atata and Ayokunle Olumuyiwa Omobowale -- 13. The Mask as Political Symbol: On the Ritualization of Political Protest through Mask-Wearing | Bjørn Thomassen and Lone Riisgaard -- Conclusion -- Advancing the Study of Objects in Contention | Benjamin Abrams and Peter Gardner -- Contributors -- Index.
|
| 588 |
|
|
|a Description based on publisher supplied metadata and other sources.
|
| 590 |
|
|
|a Electronic reproduction. Ann Arbor, Michigan : ProQuest Ebook Central, 2023. Available via World Wide Web. Access may be limited to ProQuest Ebook Central affiliated libraries.
|
| 655 |
|
4 |
|a Electronic books.
|
| 700 |
1 |
|
|a Gardner, Peter Robert.
|
| 776 |
0 |
8 |
|i Print version:
|a Abrams, Benjamin
|t Symbolic Objects in Contentious Politics
|d Ann Arbor : University of Michigan Press,c2023
|z 9780472055975
|
| 797 |
2 |
|
|a ProQuest (Firm)
|
| 856 |
4 |
0 |
|u https://ebookcentral.proquest.com/lib/matrademy/detail.action?docID=30474009
|z Click to View
|